000 01028cam a2200337 a 4500
001 3522663
003 OSt
005 20140310182834.0
008 960124s1997 nyua 001 0 eng
010 _a 96000656
020 _a0321043626
040 _aDLC
_cDLC
_dDLC
050 0 0 _aQA 531
_b.L693 1997
082 0 0 _aM
_b516.24 1997
_26th ed.
100 1 _aLial, Margaret L.
245 1 0 _aTrigonometry /
_cLial, Margaret L.
250 _a6th ed.
260 _aNew York :
_bAddison-Wesley,
_cc1997.
300 _axxiv, 422 p.
_bill. ;
_c23 cm.
500 _aIncludes index.
521 _aCollege Students
526 _c1210L to 1700L
541 _j4
562 _e4
650 0 _aTrigonometry.
700 1 _aHornsby, E. John.
700 1 _aSchneider, David I.
906 _a7
_bcbc
_corignew
_d1
_eocip
_f19
_gy-gencatlg
942 _2lcc
_cBK
_kM
999 _c16701
_d16701